000 01784nam a2200457 i 4500
001 93639
003 FINmELB
005 20241217172221.0
006 m o d |
007 cr cnu||||||||
008 200110s2017 sp a ob 000 0 spa d
020 _a9788436838497
_q(e-book)
035 _a(OCoLC)1139512945
040 _aFINmELB
_bspa
_erda
_cFINmELB
050 4 _aBF723.E6
_b.P418 2017
080 _a159.942-053.2
080 _a159.942
082 0 4 _a152
_223
245 0 0 _aPensando las emociones con atención plena :
_bprograma de intervención para educación infantil /
_cMarta Giménez-Sasí, Marta Fernández Sánchez, Marie-France Daniel, Lina Arias Vega.
264 1 _aMadrid :
_bPirámide,
_c2017.
300 _a1 recurso en línea (337 páginas) :
_bilustraciones
336 _atexto
_btxt
_2rdacontent/spa
337 _acomputadora
_bc
_2rdamedia/spa
338 _arecurso en línea
_bcr
_2rdacarrier/spa
490 1 _aOjos solares. Programas
504 _aIncluye referencias bibliográficas.
588 _aDescripción basada en metadatos suministrados por el editor y otras fuentes.
590 _aRecurso electrónico. Santa Fe, Arg.: elibro, 2020. Disponible vía World Wide Web. El acceso puede estar limitado para las bibliotecas afiliadas a elibro.
594 _aPrecede al título: Programa Emociones
650 0 _aEmotions in children.
650 0 _aChild development.
650 0 _aSocial skills in children.
650 4 _aEmociones en niños.
650 4 _aInteligencia emocional.
655 4 _aLibros electrónicos.
700 1 _aGiménez Dasí, Marta.
797 2 _aelibro, Corp.
830 0 _aOjos solares. Programas.
856 4 0 _uhttps://elibro.net/ereader/politecnicointernacional/123095
999 _c93639
_d93639